| 000 | 00412cam a2200181ua 4500 | ||
|---|---|---|---|
| 020 | _cRs. 1.75 | ||
| 041 |
_amal _h |
||
| 082 |
_a894.812 301 _bGUP/CH |
||
| 100 | _aGupthan nair, S . | ||
| 245 | _aChila paschatyakathakal | ||
| 250 |
_a1 / _b. |
||
| 260 |
_aTrivandrum : _bS. Gupthannair , _c1962. |
||
| 300 | _a144 ; . | ||
| 365 | _aRs. 1.75 | ||
| 504 | _a | ||
| 942 | _cBK | ||
| 999 |
_c308 _d308 |
||